| 000 | 00400nam a2200157Ia 4500 | ||
|---|---|---|---|
| 008 | 210210b1990 xxu||||| |||| 00| 0 eng d | ||
| 020 | _a8171081274 | ||
| 082 | _a158.2 MAUI | ||
| 100 | _aMAURUS (J). | ||
| 245 | _aIt's human relations that count. | ||
| 260 |
_aBombay _bBetter yourself books _c1990 |
||
| 300 | _a155 | ||
| 650 | _aHuman Relations | ||
| 690 | _aApplied Psychology | ||
| 906 | _a045427 | ||
| 999 |
_c94808 _d94808 |
||